DESIGNING AND MANAGING THE SUPPLY CHAIN (Record no. 35044)

MARC details
000 -LEADER
fixed length control field 00265nam a2200109Ia 4500
008 - FIXED-LENGTH DATA ELEMENTS--GENERAL INFORMATION
fixed length control field 240625s9999 xx 000 0 und d
041 ## - LANGUAGE CODE
Language code of text/sound track or separate title eng
082 ## - DEWEY DECIMAL CLASSIFICATION NUMBER
Classification number 658.7 SIM
100 ## - MAIN ENTRY--PERSONAL NAME
Personal name SIMCHI LEVI DAVID
245 ## - TITLE STATEMENT
Title DESIGNING AND MANAGING THE SUPPLY CHAIN
260 ## - PUBLICATION, DISTRIBUTION, ETC.
Date of publication, distribution, etc. 2008
Holdings
Withdrawn status Lost status Damaged status Not for loan Home library Current library Date acquired Total Checkouts Full call number Barcode Date last seen Price effective from Koha item type
        IMTN IMTN 11/07/2014   658.7 SIM CD2072 06/25/2024 06/25/2024 CD
Designed & Maintained by: LRC IMT Nagpur Contact: lrc@imtnag.ac.in© 2024. All Rights Reserved.